000 00365nam a2200145 4500
005 20251031125133.0
008 251031b |||||||| |||| 00| 0 eng d
022 _a0971-1554
082 _aCentral Library
100 _aNagar, A L. Krishna, K L.
245 _aJournal of Quantitative Economics
260 _aNew Delhi
_bSpringer
942 _cJN
_s1
942 _n0
999 _c301135
_d301135